Tate McRae - Paroles exes - Statistiques

Statistiques générales
  • Ce quiz a été pris 184 fois
    139 depuis la dernière actualisation
  • Le résultat moyen est 376 sur 479
Statistiques - réponses
Hint Réponse % Correct
me
100%
Me
100%
my
100%
a
99%
a,
99%
I
99%
I,
99%
Intro | Post-refrain Oh,
99%
oh
99%
love
97%
you
97%
exes
96%
exes,
96%
sorry,
96%
sorry
96%
that
96%
Outro | Refrain Kisses
95%
Kisses,
95%
kisses
95%
I'm
94%
to
94%
mind
92%
'bout
91%
the
91%
about
90%
up
90%
up,
90%
it
87%
like
87%
next
87%
who
86%
don't
84%
shit
84%
and
83%
And
83%
Changed
81%
give
79%
then
79%
ori-
78%
But
77%
but
77%
it's
77%
origami
77%
still
77%
they
77%
break
75%
never
75%
number
75%
can
74%
can,
74%
make
74%
Make
74%
what
74%
ever
73%
We
73%
we
73%
every
71%
keep
71%
necklace,
71%
say
71%
Couplet 2 Say,
71%
was
71%
(was)
71%
their
70%
time
70%
call
69%
is
69%
swear
69%
just
68%
enough
66%
go
66%
not
66%
ones
66%
think
66%
Couplet 1 Happens
65%
live
65%
without
65%
get,
64%
your
64%
can't
62%
all
61%
care
56%
got
56%
broke
55%
stops
55%
know
53%
leave
53%
Let's
53%
want,
53%
want
53%
again
52%
be
52%
case
51%
they'll
51%
wanna
49%
hard
48%
mean,
48%
mean
48%
that's
48%
in
47%
unlock
47%
lot,
45%
said
45%
hurt
44%
really
44%
did
43%
ride
43%
If
42%
promise
42%
another
40%
head
40%
how
40%
wild
40%
blame
39%
down
39%
down,
39%
hooked
39%
dirty
38%
you're
38%
Little
36%
little
36%
married,
36%
things
36%
Yeah,
36%
pride
35%
thirty
35%
ain't
32%
messed
32%
selfish,
32%
meant
31%
burn
30%
cold,
30%
before
29%
damn
29%
any
27%
starts,
27%
Tryna
27%
there,
26%
bridge
25%
makin'
25%
overshare
23%
well,
19%
Breakin'
18%
Aucun quiz correspondant
Distribution des résultats
% des personnes avec chaque résultat
Percentile par nombre de réponses
Votre historique - résultats
Vous n’avez pas pris ce quiz depuis la dernière actualisation